00626nam a22002057a 450000500170000001000130001702000220003003500130005203700160006504000120008108200160009324500970010926000380020627000370024430000230028165000360030465000360034070000210037670000230039720170124105940.0 aA-681429 c00.00a8185880042 aA-681429 bCen Lib/Ret aDPLbEN a305.42bMUS aMuslim women :cedited by Zakia A.Siddiqi [and] Anwar Jahan Zuberibproblems and prospects / aNew DelhibM.D.Publicationsc1993 a11,Darya GanjbNew Delhie110002 ax,158p. c22cm(Hb) aMuslim women--Government policy aMuslim women--Social conditions aSiddiqi,Zakia A. aZuberi,Anwar Jahan